Score 0/10 Timer 01:30
0 Plays Today
% Correct
Election Day
94%
Christmas
92.7%
Easter
92.6%
St. Patrick's Day
92.1%
Halloween
90%
Hanukkah
89.3%
Thanksgiving
88.2%
Talk Like a Pirate Day
86.1%
Fourth of July
80.4%
Pi Day
78.2%

Today's Daily Dose

Remove Ads.
Support Sporcle.
Get the best of Sporcle when you Go Orange. This ad-free experience offers more features, more stats, and more fun while also helping to support Sporcle. Thank you for becoming a member.

You're not logged in!

Compare scores with friends on all Sporcle quizzes.
OR
Log In

Show Comments

Extras

Top Quizzes Today


Score Distribution

Your Account Isn't Verified!

In order to create a playlist on Sporcle, you need to verify the email address you used during registration. Go to your Sporcle Settings to finish the process.

Report this User

Report this user for behavior that violates our Community Guidelines.

Details: